00966 2200325 4500001002100000005001500021035002000036007000300056008004100059020002200100040002200122082001400144084001600158090002000174090002200194100002700216245008600243300005600329650002300385700003000408850001200438041000800450504003300458264003100491336002100522337003000543338002300573990002200596990002200618INLIS00000000084545920190528024048 a0010-0419000318ta190405s2018 yoia ind d a978-602-258-493-3 aYOPDYOGbinderda04223a006.6 a006.6 FIT p aDEP 006.6 FIT p aCB-D.11 2018-25840 aFitri Arniaepengarang1 aPengantar teknik pengolahan citra dan visi komputer /cFitri Arnia,Khairul Munadi aix, 123 halaman :bilustrasi, gambargrafik ;c24 cm 4aKomputer--xGrafis0 aKhairul Munadiepengarang aYOPDYOG0 aind aBibliografi: halaman 118-120 4aYogyakarta :bOmbak,c2018 2rdacontentateks 2rdamediaatanpa perantara 2rdacarrieravolume aCB-D.11/2018-2584 aCB-D.11/2018-2584